Extractable proteins from electron beam (EB) irradiated natural rubber (NR) latex (Record no. 59196)

MARC details
000 -LEADER
fixed length control field 00488nam a2200145Ia 4500
100 ## - MAIN ENTRY--AUTHOR NAME
Personal name Akhtar Feroza
245 #0 - TITLE STATEMENT
Title Extractable proteins from electron beam (EB) irradiated natural rubber (NR) latex
260 ## - PUBLICATION, DISTRIBUTION, ETC. (IMPRINT)
Name of publisher Proceedings of the 2nd International Symp. Radn Vulcn Latex, Kuala Lumpur, 1996, p133-142
650 ## - SUBJECT ADDED ENTRY--TOPICAL TERM
Topical Term Electron beam
650 ## - SUBJECT ADDED ENTRY--TOPICAL TERM
Topical Term Natural rubber latex
700 ## - ADDED ENTRY--PERSONAL NAME
Personal name Makuuchi Keizo
700 ## - ADDED ENTRY--PERSONAL NAME
Personal name Yoshii Fumio
942 ## - ADDED ENTRY ELEMENTS (KOHA)
Koha item type Journals
Holdings
Withdrawn status Lost status Damaged status Not for loan Home library Current library Shelving location Date acquired Koha item type
      Journals RRII Library RRII Library Rubber chemistry 17/12/2021 Journals